10 najgorętszych stanów USA - Statystyki

Ogólne statystyki
  • Ten quiz został rozwiązany 125 razy
    119 od ostatniego zresetowania
  • Średni wynik to 8 z 10
Statystyki odpowiedzi
°C Stan % Poprawnych
18.8 Teksas
96%
21.9 Floryda
93%
16.1 Arizona
82%
23.1 Hawaje
81%
19.5 Luizjana
79%
17.9 Georgia
78%
17.4 Karolina Południowa
72%
17.6 Alabama
68%
17.9 Mississippi
65%
16.1 Arkansas
50%
Nie znaleziono quizów pasujących do podanych kryteriów
Rozkład punktacji
Procent ludzi z każdym wynikiem
Percentyl według liczby udzielonych odpowiedzi
Twoja historia wyników
Nie rozwiązałeś tego quizu od ostatniego zresetowania